| 000 | 01960nam a2200457 i 4500 | ||
|---|---|---|---|
| 001 | 48140 | ||
| 003 | FlNmELB | ||
| 005 | 20241216231925.0 | ||
| 006 | m o d | | ||
| 007 | cr cnu|||||||| | ||
| 008 | 150613s1997 sp ob 001 0 eng d | ||
| 020 | _a9788484096894 (e-book) | ||
| 035 | _a(OCoLC)992001325 | ||
| 040 |
_aFINmELB _bspa _erda _cFINmELB |
||
| 050 | 4 |
_aF1416.S7 _b.I126 1997 |
|
| 080 | _a327 | ||
| 082 | 0 |
_a327.4608 _223 |
|
| 245 | 0 | 4 |
_aThe Ibero-American Space : _bdimensions and perceptions of the special relationship between Spain and Latin America / _cJoaquin Roy, Albert Galinsoga Jorda (eds.). |
| 264 | 1 |
_aLleida : _bEdicions de la Universitat de Lleida, _c1997. |
|
| 300 | _a1 recurso en línea (286 páginas) | ||
| 336 |
_atexto _btxt _2rdacontent/spa |
||
| 337 |
_acomputadora _bc _2rdamedia/spa |
||
| 338 |
_arecurso en línea _bcr _2rdacarrier/spa |
||
| 500 | _aIncluye índice. | ||
| 504 | _aContiene bibliografía. | ||
| 588 | _aDescripción basada en recurso en línea; Título de la página del título en PDF (e-libro, visto June 13, 2015). | ||
| 590 | _aRecurso electrónico. Santa Fe, Arg.: e-libro, 2015. Disponible vía World Wide Web. El acceso puede estar limitado para las bibliotecas afiliadas a e-libro. | ||
| 651 | 0 |
_aLatin America _xForeign relations _zSpain. |
|
| 651 | 0 |
_aSpain _xForeign relations _zLatin America. |
|
| 651 | 0 |
_aLatin America _xForeign relations _y1980-. |
|
| 651 | 0 |
_aSpain _xForeign relations _y1975-. |
|
| 651 | 4 |
_aAmérica Latina _xRelaciones exteriores _zEspaña. |
|
| 651 | 4 |
_aEspaña _xRelaciones exteriores _zAmérica Latina. |
|
| 651 | 4 |
_aAmérica Latina _xRelaciones Exteriores _y1980-. |
|
| 651 | 4 |
_aEspaña _xRelaciones Exteriores _y1975-. |
|
| 655 | 4 | _aLibros electrónicos. | |
| 700 | 1 |
_aRoy, Joaquín, _eeditor. |
|
| 700 | 1 |
_aGalinsoga Jorda , Albert, _eeditor. |
|
| 797 | 2 | _ae-libro, Corp. | |
| 856 | 4 | 0 | _uhttps://elibro.net/ereader/politecnicointernacional/100133 |
| 999 |
_c48140 _d48140 |
||